Derecho civil y comercial : contratos /
Guardado en:
| Otros Autores: | , , , |
|---|---|
| Formato: | Libro |
| Idioma: | Spanish |
| Publicado: |
Ciudad Autónoma de Buenos Aires :
La Ley,
2020.
|
| Edición: | 3a. ed. act. y amp. |
| Materias: | |
| Etiquetas: |
Agregar Etiqueta
Sin Etiquetas, Sea el primero en etiquetar este registro!
|
| LEADER | 00667nam a22002055a 4500 | ||
|---|---|---|---|
| 001 | DER.der014776 | ||
| 008 | 221012s2020####ag#||||f|||||||||#||spa|| | ||
| 005 | 20260210140957.0 | ||
| 245 | 1 | 0 | |a Derecho civil y comercial : |b contratos / |c Alejandro Borda...[et. al.]. |
| 250 | |a 3a. ed. act. y amp. | ||
| 260 | |a Ciudad Autónoma de Buenos Aires : |b La Ley, |c 2020. | ||
| 300 | |a 1031 p. | ||
| 020 | |a 9789870338710 | ||
| 700 | 1 | |a Borda, Alejandro, |e dir. | |
| 700 | 1 | |a Muguillo, Roberto Alfredo. | |
| 700 | 1 | |a Krieger, Walter Fernando. | |
| 700 | 1 | |a Llobera, Hugo | |
| 700 | 1 | |a Barbier, Eduardo | |
| 650 | 7 | |a DERECHO DE LOS CONTRATOS | |
| 859 | |a DERECHO |b BIB. DERECHO |h 346.02 |i BOR |p 0010159 | ||
